English Literature

Đã lưu trong:
書目詳細資料
格式: 圖書
語言:English
出版: Khoa Anh CN 2002
主題:
標簽: 添加標簽
沒有標簽, 成為第一個標記此記錄!
Thư viện lưu trữ: Mạng thư viện Đại học Đà Nẵng
LEADER 01074cam a22003131a 4500
001 000034490
003 10688
005 20151029000000.0
008 151027s2002 vm 000 eng
041 |a eng 
082 |a 820.90  |b NG-TR 
245 |a English Literature  |c Nguyễn Chí Trung 
260 |a Khoa Anh CN  |c 2002 
300 |a 208tr. : mh ; 25cm 
650 |a Nguyễn Chí Trung, 2002, English Literature, Literature, English 
852 |b Chuyên đề  |c Văn học nước ngoài 
OWN |a LNN 
AVA |a UDN50  |b LNN  |d 820.90 NG-TR  |e available  |t Error 5001 Not defined in file expand_doc_bib_avail.  |f 1  |g 0  |h N  |i 0  |k 1 
999 |a From the UDN01 
AVA |a UDN50  |b LNN  |d 820.90 NG-TR  |e available  |t Error 5001 Not defined in file expand_doc_bib_avail.  |f 1  |g 0  |h N  |i 0  |k 1 
TYP |a Monograph 
TYP |a Printed language 
980 |a Mạng thư viện Đại học Đà Nẵng